World Countries Quiz - Statistics

General Stats
  • This quiz has been taken 45 times
  • The average score is 41 of 45
Answer Stats
Question Tile Select % Correct
Countries in Africa Sudan Yes
100%
Countries in Africa Rwanda Yes
98%
Countries in Europe Austria Yes
95%
Countries in South America Brazil Yes
95%
Countries in South America Chile Yes
95%
Countries in Africa Estonia No
95%
Countries in Africa Eswatini Yes
95%
Countries in North America Gamibia No
95%
Countries in Asia Indonesia Yes
95%
Countries in Europe Italy Yes
95%
Countries in Africa Libya Yes
95%
Countries in Europe Lithuania Yes
95%
Countries in South America Malawi No
95%
Countries in Europe Norway Yes
95%
Countries in North America Peru No
95%
Countries in Asia Somilia No
95%
Countries in North America USA Yes
95%
Countries in South America Venezuela Yes
95%
Countries in Europe Albania Yes
93%
Countries in Europe Azerbaijan No
93%
Countries in Africa Eritrea Yes
93%
Countries in Asia India Yes
93%
Countries in Asia Iran Yes
93%
Countries in Asia Iraq Yes
93%
Countries in Africa Lesotho Yes
93%
Countries in South America Peru Yes
93%
Countries in North America Suriname No
93%
Countries in North America Cuba Yes
90%
Countries in Europe Georgia No
90%
Countries in Asia Myanmar Yes
90%
Countries in Africa Suriname No
90%
Countries in Europe Armenia No
88%
Countries in Asia Benin No
88%
Countries in Asia Bhutan Yes
88%
Countries in South America Ecuador Yes
88%
Countries in North America Haiti Yes
88%
Countries in Europe Russia Yes
88%
Countries in Africa Togo Yes
88%
Countries in North America Costa Rica Yes
86%
Countries in North America Belize Yes
83%
Countries in North America El Salvador Yes
83%
Countries in South America NIcaragua No
83%
Countries in South America St Lucia No
83%
Countries in South America Trinidad and Tobago No
71%
Countries in Asia Russia Yes
64%
No matching quizzes found
Score Distribution
Percent of People with Each Score
Percentile by Number Answered
Your Score History
You have not taken this quiz